Amref International University
Library Catalogue

Tip: Use Keyword for broad searching, or switch to Title/Author for precision.

Man's search for meaning / (Record no. 22336)

MARC details
000 -LEADER
fixed length control field 02288cam a2200457 i 4500
001 - CONTROL NUMBER
control field 19275537
003 - CONTROL NUMBER IDENTIFIER
control field OSt
005 - DATE AND TIME OF LATEST TRANSACTION
control field 20260123115012.0
008 - FIXED-LENGTH DATA ELEMENTS--GENERAL INFORMATION
fixed length control field 160915s2017 maua 000 0aeng
010 ## - LIBRARY OF CONGRESS CONTROL NUMBER
LC control number 2016042386
020 ## - INTERNATIONAL STANDARD BOOK NUMBER
International Standard Book Number 9780807067994
Qualifying information pbk. : alk. paper
035 ## - SYSTEM CONTROL NUMBER
System control number 19275537
040 ## - CATALOGING SOURCE
Original cataloging agency DLC
Language of cataloging eng
Transcribing agency AMIU
Description conventions rda
Modifying agency DLC
041 1# - LANGUAGE CODE
Language code of text/sound track or separate title eng
Language code of original ger
042 ## - AUTHENTICATION CODE
Authentication code pcc
043 ## - GEOGRAPHIC AREA CODE
Geographic area code e-au---
050 00 - LIBRARY OF CONGRESS CALL NUMBER
Classification number D810
Item number .J4 F73 2020
100 1# - MAIN ENTRY--PERSONAL NAME
Personal name Frankl, Viktor E.
Fuller form of name (Viktor Emil),
Dates associated with a name 1905-1997,
Relator term author.
240 10 - UNIFORM TITLE
Uniform title Psycholog erlebt das Konzentrationslager.
Language of a work English
245 10 - TITLE STATEMENT
Title Man's search for meaning /
Statement of responsibility, etc. Viktor E. Frankl ; foreword by John Boyne ; afterword by William J. Winslade.
250 ## - EDITION STATEMENT
Edition statement Young readers edition.
264 #1 - PRODUCTION, PUBLICATION, DISTRIBUTION, MANUFACTURE, AND COPYRIGHT NOTICE
Place of production, publication, distribution, manufacture Boston :
Name of producer, publisher, distributor, manufacturer Beacon Press
Date of production, publication, distribution, manufacture, or copyright notice C2020
300 ## - PHYSICAL DESCRIPTION
Extent xvii, 159 p.:
Other physical details illustrations ;
Dimensions 23 cm
336 ## - CONTENT TYPE
Content type term text
Content type code txt
Source rdacontent
337 ## - MEDIA TYPE
Media type term unmediated
Media type code n
Source rdamedia
338 ## - CARRIER TYPE
Carrier type term volume
Carrier type code nc
Source rdacarrier
500 ## - GENERAL NOTE
General note First published in Germany in 1946 as Trotzdem Ja zum Leben sagen: Ein Psychologe erlebt das Konzentrationslager ("Saying yes to life in spite of everything: a psychologist experiences the Concentration Camp"). First English-language edition published as From Death-Camp to Existentialism: A Psychiatrist's Path to a New Therapy (Boston: Beacon Press, 1959).
583 ## - ACTION NOTE
Action Catalography:
Time/date of action 20260123
Action agent STAMIU-0199STAMIU-0199
600 10 - SUBJECT ADDED ENTRY--PERSONAL NAME
Personal name Frankl, Viktor E.
Fuller form of name (Viktor Emil),
Dates associated with a name 1905-1997.
650 #0 - SUBJECT ADDED ENTRY--TOPICAL TERM
Topical term or geographic name entry element Holocaust, Jewish (1939-1945)
Form subdivision Personal narratives.
650 #0 - SUBJECT ADDED ENTRY--TOPICAL TERM
Topical term or geographic name entry element Holocaust, Jewish (1939-1945)
General subdivision Psychological aspects.
650 #0 - SUBJECT ADDED ENTRY--TOPICAL TERM
Topical term or geographic name entry element Psychologists
Geographic subdivision Austria
Form subdivision Biography.
650 #0 - SUBJECT ADDED ENTRY--TOPICAL TERM
Topical term or geographic name entry element Logotherapy.
655 #7 - INDEX TERM--GENRE/FORM
Genre/form data or focus term Personal narratives.
Source of term lcgft
Authority record control number or standard number https://id.loc.gov/authorities/genreForms/gf2014026142
655 #7 - INDEX TERM--GENRE/FORM
Genre/form data or focus term Biographies.
Source of term lcgft
Authority record control number or standard number https://id.loc.gov/authorities/genreForms/gf2014026049
776 08 - ADDITIONAL PHYSICAL FORM ENTRY
Relationship information Online version:
Main entry heading Frankl, Viktor E. (Viktor Emil), 1905-1997, author.
Title Man's search for meaning
Place, publisher, and date of publication Boston : Beacon Press books, 2017
International Standard Book Number 9780807067550
Record control number (DLC) 2016042918
906 ## - LOCAL DATA ELEMENT F, LDF (RLIN)
a 7
b cbc
c orignew
d 1
e ecip
f 20
g y-gencatlg
942 ## - ADDED ENTRY ELEMENTS (KOHA)
Source of classification or shelving scheme Library of Congress Classification
Koha item type Fiction
Suppress in OPAC No
Holdings
Withdrawn status Lost status Source of classification or shelving scheme Damaged status Not for loan Collection Home library Current library Shelving location Date acquired Source of acquisition Total Checkouts Full call number Barcode Date last seen Price effective from Koha item type
    Library of Congress Classification     Fiction AMREF INTERNATIONAL UNIVERSITY (AMIU) LIBRARY AMREF INTERNATIONAL UNIVERSITY (AMIU) LIBRARY Fiction 23/01/2026 Book Aid International Donation   D810 .J4 F73 2020 40828 23/01/2026 23/01/2026 Fiction